|
|
|
|
| LEADER |
00636nam a2200181 a 4500 |
| 005 |
20151026131307.0 |
| 008 |
960221s1955 dcuabcdjdbkoqu001 0deng d |
| 003 |
ViArRB |
| 100 |
|
|
|a Crichton, Michael
|9 9579
|
| 245 |
|
|
|a Lost World
|
| 300 |
|
|
|a xii, 393 p.
|
| 653 |
|
|
|a Short Stories - English Literature
|a Age of Anxiety
|a Black Sunday
|a English Literature - Fiction
|a FE
|a f-e
|a Fiction - English Literature
|
| 942 |
|
|
|c BK
|6 _
|
| 260 |
|
|
|a London
|b Arrow
|c 1996
|9 11625
|
| 500 |
|
|
|a
|
| 020 |
|
|
|a 09-963781-2
|
| 999 |
|
|
|c 24558
|d 24558
|
| 952 |
|
|
|0 0
|1 0
|4 0
|6 F_CRIT
|7 0
|9 36154
|a UL
|b UL
|d 2010-06-16
|l 3
|o F CRI/T
|p 00043154
|r 2013-11-19
|s 2013-10-11
|w 2010-06-16
|y BK
|